Understanding Indian classical music / (Record no. 135150)

MARC details
000 -LEADER
fixed length control field 00721nam a22002417a 4500
005 - DATE AND TIME OF LATEST TRANSACTION
control field 20170124110240.0
010 ## - LIBRARY OF CONGRESS CONTROL NUMBER
LC control number 897634
020 ## - INTERNATIONAL STANDARD BOOK NUMBER
Terms of availability 00.00
035 ## - SYSTEM CONTROL NUMBER
System control number 897634
037 ## - SOURCE OF ACQUISITION
Source of stock number/acquisition Cen Lib/Ret
040 ## - CATALOGING SOURCE
Original cataloging agency DPL
Language of cataloging EN
082 ## - DEWEY DECIMAL CLASSIFICATION NUMBER
Classification number 780.954
Item number JOS
100 ## - MAIN ENTRY--PERSONAL NAME
Personal name Joshi, G.N.
9 (RLIN) 94732
245 ## - TITLE STATEMENT
Title Understanding Indian classical music /
Statement of responsibility, etc by G.N. Joshi
246 ## - VARYING FORM OF TITLE
Remainder of title
260 ## - PUBLICATION, DISTRIBUTION, ETC. (IMPRINT)
Place of publication, distribution, etc Bombay
Name of publisher, distributor, etc D.B. Taraporevala Sons and Co.
Date of publication, distribution, etc 1977
270 ## - ADDRESS
City Bombay
Address 210, Dr. D. Naroji road
300 ## - PHYSICAL DESCRIPTION
Extent xii, 46p. :
Dimensions 26cm(Hb)
Other physical details ill.
Accompanying material
500 ## - GENERAL NOTE
General note Includes glossary
650 ## - SUBJECT ADDED ENTRY--TOPICAL TERM
Topical term or geographic name as entry element Indian classical music
9 (RLIN) 94733
650 ## - SUBJECT ADDED ENTRY--TOPICAL TERM
Topical term or geographic name as entry element Miniature paintings -- Indian music
9 (RLIN) 94734
942 ## - ADDED ENTRY ELEMENTS (KOHA)
Source of classification or shelving scheme Dewey Decimal Classification
Koha item type English Books
Classification part 780.954
Call number suffix JOS
Holdings
Withdrawn status Lost status Damaged status Not for loan Collection code Home library Current library Date acquired Source of acquisition Cost, normal purchase price Total Checkouts Full call number Barcode Date last seen Copy number Cost, replacement price Price effective from Koha item type
      Not For Loan Reference Central Library Central Library 01/10/2015 Cen Lib/Ret 0.00   780.954 JOS 897634 01/10/2015 1 0.00 01/10/2015 English Books

© Delhi Public Library
Hit Counter
free hit counter